Statistics for Word Chain

Click here to take the quiz!

General Stats

  • This quiz has been taken 549 times
  • The average score is 23 of 29

Answer Stats

HintAnswer% Correct
Past tense of the aboveSwam
95%
ApplauseClap
92%
Bird that was the ugly ducklingSwan
91%
Sound a lion makesRoar
89%
A StoreShop
86%
Vehicle for travelling over waterBoat
85%
To ripTear
84%
What you bet with in pokerChip
83%
Green fruit with a similar shape to an applePear
83%
How to start a letterDear
82%
A BoatShip
82%
To SwitchSwap
82%
To hit somebodySlap
80%
Something used to hold things togetherClip
78%
A group of people working togetherTeam
78%
Type of molluskClam
77%
Intense study before a testCram
77%
Alfred Hitchcock movie; ____ WindowRear
77%
What pig eatSlop
77%
A shoe covering the ankle and lower legBoot
76%
A group of close familiesClan
76%
Sodium ChlorideSalt
74%
Bottom of the footSole
73%
A streetcar or trolleyTram
73%
Black ash like powder coming from a fireSoot
70%
A baby one is called a squeakerBoar
68%
Selling something for less of a priceSale
66%
To organize into groupsSort
63%
Feeling an ache or painSore
62%

Score Distribution

Percentile by Number Answered

Percent of People with Each Score

Your Score History

You have not taken this quiz